dBase iv. / (Record no. 1832)

MARC details
000 -LEADER
fixed length control field 00722nam a22002057a 4500
008 - FIXED-LENGTH DATA ELEMENTS--GENERAL INFORMATION
fixed length control field 120725t xxu||||| |||| 00| 0 eng d
020 ## - INTERNATIONAL STANDARD BOOK NUMBER
International Standard Book Number 0256135185
050 ## - LIBRARY OF CONGRESS CALL NUMBER
Classification number QA76.9.D3 H97
100 ## - MAIN ENTRY--PERSONAL NAME
Personal name Hutchinson, Sarah E.
245 ## - TITLE STATEMENT
Title dBase iv. /
Statement of responsibility, etc. Sarah E. Hutchinson
260 ## - PUBLICATION, DISTRIBUTION, ETC.
Place of publication, distribution, etc. Boston:
Name of publisher, distributor, etc. Irwin,
Date of publication, distribution, etc. 1993.
300 ## - PHYSICAL DESCRIPTION
Extent ix,161 p.:
Other physical details ill.;
Dimensions 28cm.
500 ## - GENERAL NOTE
General note Includes index.
505 ## - FORMATTED CONTENTS NOTE
Formatted contents note Contents: The Fundamentals of dbase iv -- Managing and organizing data with dbase iv -- Queries -- Creating forms, reports, and labels -- Managing files and advanced topics.
650 ## - SUBJECT ADDED ENTRY--TOPICAL TERM
Topical term or geographic name entry element Database management.
650 ## - SUBJECT ADDED ENTRY--TOPICAL TERM
Topical term or geographic name entry element DBASE IV (Computer file)
700 ## - ADDED ENTRY--PERSONAL NAME
Personal name Sawyer, Stacey.
700 ## - ADDED ENTRY--PERSONAL NAME
Personal name Coulthard, Glen J.
942 ## - ADDED ENTRY ELEMENTS (KOHA)
Source of classification or shelving scheme Library of Congress Classification
Koha item type Books
Holdings
Withdrawn status Lost status Source of classification or shelving scheme Damaged status Not for loan Home library Current library Shelving location Date acquired Total Checkouts Full call number Barcode Date last seen Copy number Price effective from Koha item type
    Library of Congress Classification     WISCONSIN INTERNATIONAL UNIVERSITY COLLEGE, GHANA - MAIN LIBRARY WISCONSIN INTERNATIONAL UNIVERSITY COLLEGE, GHANA - MAIN LIBRARY General Stacks 25/07/2012   QA76.9.D3 H97 4986/12 25/07/2012 1 25/07/2012 Books
    Library of Congress Classification     WISCONSIN INTERNATIONAL UNIVERSITY COLLEGE, GHANA - MAIN LIBRARY WISCONSIN INTERNATIONAL UNIVERSITY COLLEGE, GHANA - MAIN LIBRARY General Stacks 25/07/2012   QA76.9.D3 H971 4987/12 25/07/2012 2 25/07/2012 Books

If you have any concerns or questions; kindly contact the library


© Powered by WIUC ICT DIRECTORATE